Normal view
MARC view
Entry Personal Name
001 - CONTROL NUMBER
- control field: 875180
003 - CONTROL NUMBER IDENTIFIER
- control field: OSt
005 - DATE AND TIME OF LATEST TRANSACTION
- control field: 20260114185841.0
008 - FIXED-LENGTH DATA ELEMENTS
- fixed length control field: 260114|| aca||aabn | a|a d
040 ## - CATALOGING SOURCE
- Original cataloging agency: OSt
- Transcribing agency: OSt
100 ## - HEADING--PERSONAL NAME
- Personal name: Perween Hasan
670 ## - SOURCE DATA FOUND
- Source citation: Work cat.: (OSt)1474114: Perween Hasan, Sultans and Mosques The Early Muslim Architecture of Bangladesh, 2007
